000 01351cam a2200229 4500
001 ##L134499
008 060811n2006 000 0 eng u
035 _a(Sirsi) u134499
041 0 _aeng
050 0 4 _a333.33 $2 18
110 2 _aRoyal Institution of Chartered Surveyors
_bPublic Affairs
_94679
245 0 0 _aUK economic brief
_bJuly 2006
260 _aLondon
_bRICS
_c2006
490 0 _aRICS UK Economic Brief
_vJuly 2006
520 _aReports a strong economic rebound in the second quarter of 2006, heightening fears of accelerating inflation. Concerns over interest rates are being expressed, and RICS believes a tightening of monetary policy is likely towards the end of the year. Occupier demand in the commercial property market rose at the fastest pace in two years, with office and industrial sectors seeing a pick up in activity levels. Construction industry data for the second quarter of 2006 indicates a sustained a recovery in activity in the first quarter. House prices rose firmly in June, up at the fastest pace in just over two years. Graphs.
590 _aIKA220806
650 2 4 _aRICS UK ECONOMIC BRIEF
651 4 _aUnited Kingdom
_y
690 _aPROPERTY-PROPERTY MARKET
856 4 0 _uhttps://www.rics.org/Global/Downloads/UKEconomicBrief200606.pdf
_zView the item free of charge at www.rics.org.uk...
942 _n0
999 _c105703
_d105703